| 000 | 005500000a22001210004500 | ||
|---|---|---|---|
| 100 | 1 | _aCorrea Ulloa, Juan David | |
| 245 | 1 | 0 | _aEl extraño silencio de Doris Salcedo : La artista más importante de Colombia |
| 300 | _aVol.0, núm.4 (Enero, 2006), Páginas 22-23 | ||
| 500 | _aEditor de Arcadia. | ||
| 520 | _aAcaba de ganar la primera versión del Premio Ordway. Su obra se expone en el MOMA de Nueva York y la Tate Gallery de Londres. ¿Por qué es casi desconocida en Colombia? | ||
| 773 | 0 | _tArcadia / Andrés Felipe Solano, Editor | |
| 942 | _cANA | ||
| 999 |
_c61737 _d61737 |
||